| 000 | 00577nam a2200181Ia 4500 | ||
|---|---|---|---|
| 008 | 190805s9999||||xx |||||||||||||| ||und|| | ||
| 020 |
_a9789332575387 _cRs. 549.00 |
||
| 082 | 0 | 4 |
_a658.4038011 _bL365 |
| 100 | 1 | _aLaudon, Kenneth C. | |
| 245 | 1 | 0 |
_aEssentials of Management Information System / _cKenneth C. Laudon and Jane P. Laudon |
| 250 | _a11th ed. | ||
| 260 |
_aNoida : _bPearson India Ltd., _c2017 |
||
| 300 |
_a501 p. _b : ill. _c; 27.5 cm. |
||
| 650 | 0 |
_aManagement Information System _vTextbooks |
|
| 700 | 1 | _aLaudon, Jane P. | |
| 942 | _cBK | ||
| 999 |
_c95 _d95 |
||